Veltrh = zrcadlo Svět dovolené v roce 1993

Druhý ročník Stredoeurópskeho veľtrhu cestovného ruchu v Prahe. Cestovný ruch ako významné odvetvie národného hospodárstva. V spolupráci s Americkou asociáciou cestovných kancelárií (ASTA) pripravili organizátori vzdelávací program pre odborníkov v tejto oblasti.

Gespeichert in:
Bibliographische Detailangaben
1. Verfasser: Pospíšilová, E.
Format: Buchkapitel
Sprache:Tschechisch
Schlagworte:
Tags: Tag hinzufügen
Keine Tags, Fügen Sie das erste Tag hinzu!

MARC

LEADER 00000naa a2200000 4500
001 r012616
005 20220826093640.9
041 0 |a cze 
044 |a CZ 
245 1 0 |a Veltrh = zrcadlo  |b Svět dovolené v roce 1993  |c E. Pospíšilová 
520 |a Druhý ročník Stredoeurópskeho veľtrhu cestovného ruchu v Prahe. Cestovný ruch ako významné odvetvie národného hospodárstva. V spolupráci s Americkou asociáciou cestovných kancelárií (ASTA) pripravili organizátori vzdelávací program pre odborníkov v tejto oblasti. 
610 2 0 |a ruch cestovný 
610 2 0 |a veľtrhy 
610 2 0 |a Praha 
610 2 0 |a 1993 
610 2 0 |a kancelárie cestovné 
610 2 0 |a vzdelávanie 
610 2 0 |a ASTA 
100 1 |a Pospíšilová, E.